书目信息 |
| 题名: |
说话心理学
|
|
| 作者: | 端木自在 著 | |
| 分册: | ||
| 出版信息: | 南昌 江西人民出版社 2016 |
|
| 页数: | 253页 | |
| 开本: | 23cm | |
| 丛书名: | ||
| 单 册: | ||
| 中图分类: | C912.13-49 | |
| 科图分类: | ||
| 主题词: | 心理交往--语言艺术--通俗读物 | |
| 电子资源: | ||
| ISBN: | 978-7-210-08482-2 | |
| 000 | 00872nam0 2200229 450 | |
| 001 | 5733 | |
| 005 | 20180529220847.94 | |
| 010 | @a978-7-210-08482-2@dCNY36.00 | |
| 100 | @a20160725d2016 em y0chiy50 ea | |
| 101 | 0 | @achi |
| 102 | @aCN@b360000 | |
| 105 | @ay z 000yy | |
| 200 | 1 | @a说话心理学@9shuo hua xin li xue@e把心摸清楚 把话说漂亮@f端木自在著 |
| 210 | @a南昌@c江西人民出版社@d2016 | |
| 215 | @a253页@d23cm | |
| 330 | @a本书结合大量典型生动的案例,以处事交际、求人办事、生活婚姻、亲子沟通、商务职场等人生的各种场合为例,阐述了说话时运用心理学的益处和效力,揭示了不同场合下有效的说话方法和技巧。 | |
| 517 | 1 | @a把心摸清楚 把话说漂亮@9ba xin mo qing chu ba hua shuo piao liang |
| 606 | 0 | @a心理交往@x语言艺术@j通俗读物 |
| 690 | @aC912.13-49@v5 | |
| 701 | 0 | @a端木自在@9duan mu zi zai@4著 |
| 801 | 0 | @aCN@b91MARC@c20160804 |
| 905 | @aMuseLib@dC912.13-49@e1339 | |
| 说话心理学:把心摸清楚 把话说漂亮/端木自在著.-南昌:江西人民出版社,2016 |
| 253页;23cm |
| ISBN 978-7-210-08482-2:CNY36.00 |
| 本书结合大量典型生动的案例,以处事交际、求人办事、生活婚姻、亲子沟通、商务职场等人生的各种场合为例,阐述了说话时运用心理学的益处和效力,揭示了不同场合下有效的说话方法和技巧。 |
| ● |
| 相关链接 |
|
|
|
|
正题名:说话心理学
索取号:C912.13-49/1339
 
预约/预借
| 序号 | 登录号 | 条形码 | 馆藏地/架位号 | 状态 | 备注 |
| 1 | 1114636 | 211146366 | 第一样本阅览室/ [索取号:C912.13-49/1339] | 在馆 | |
| 2 | 1114637 | 211146375 | 教育系资料室/ [索取号:C912.13-49/1339] | 在馆 | |
| 3 | 1114638 | 211146384 | 教育系资料室/ [索取号:C912.13-49/1339] | 在馆 | |
| 4 | 1114639 | 211146393 | 教育系资料室/ [索取号:C912.13-49/1339] | 在馆 | |
| 5 | 1114640 | 211146400 | 第一借阅区/ [索取号:C912.13-49/1339] | 在馆 | |
| 6 | 1114641 | 211146419 | 第一借阅区/ [索取号:C912.13-49/1339] | 在馆 |